Tramwaje Warszawa- Linia 2 (przystanki) - Statystyki

Ogólne statystyki
  • Ten quiz został rozwiązany 215 razy
  • Średni wynik to 11 z 13
Statystyki odpowiedzi
Numer przystanku Nazwa przystanku % Poprawnych
1. Metro Młociny
99%
2. Metro Młociny
99%
13. Winnica
96%
3. Zajezdnia Zoliborz
94%
11. Nowodwory
91%
8. Tarchomin
91%
9. Mehoffera
84%
5. Stare Świdry
84%
4. Swiderska
78%
10. Stefanika
76%
7. Myśliborska
71%
6. Śreniawitów
71%
12. Grzymalitów
69%
Nie znaleziono quizów pasujących do podanych kryteriów
Rozkład punktacji
Procent ludzi z każdym wynikiem
Percentyl według liczby udzielonych odpowiedzi
Twoja historia wyników
Nie rozwiązałeś tego quizu